Entry Personal Name
Number of records used in: 1
001 - CONTROL NUMBER
003 - CONTROL NUMBER IDENTIFIER
005 - DATE AND TIME OF LATEST TRANSACTION
- control field:
20221029132629.0
008 - FIXED-LENGTH DATA ELEMENTS
- fixed length control field:
901201n| acannaabn |b aaa
010 ## - LIBRARY OF CONGRESS CONTROL NUMBER
- LC control number:
n 90719848
035 ## - SYSTEM CONTROL NUMBER
- System control number:
(OCoLC)oca02857883
040 ## - CATALOGING SOURCE
- Original cataloging agency:
DLC
- Language of cataloging:
eng
- Transcribing agency:
DLC
- Modifying agency:
DLC
- Modifying agency:
OCoLC
- Modifying agency:
WaBeW
100 1# - HEADING--PERSONAL NAME
- Personal name:
Taiz, Lincoln
372 ## - FIELD OF ACTIVITY
- Field of activity:
Botany
- Source of term:
lcsh
373 ## - ASSOCIATED GROUP
- Associated group:
University of California, Santa Cruz
- Source of term:
naf
374 ## - OCCUPATION
- Occupation:
Biology teachers
- Source of term:
lcsh
375 ## - GENDER
- Gender:
Males
- Source of term:
lcdgt
400 1# - SEE FROM TRACING--PERSONAL NAME
- Personal name:
טייז, לינקולן
670 ## - SOURCE DATA FOUND
- Source citation:
His Plant physiology, c1991:
- Information found:
CIP t.p. (Lincoln Taiz, Univ. of California at Santa Cruz)
670 ## - SOURCE DATA FOUND
- Source citation:
Plant physiology, c1998:
- Information found:
CIP t.p. (Lincoln Taiz) data sheet (b. 11/5/42)
670 ## - SOURCE DATA FOUND
- Source citation:
Plant physiology, 2006:
- Information found:
page vii (professor of biology at the University of California at Santa Cruz; his research has focused on botany)